"Santa Maria de la Cruz": Apariciones marianas en el siglo XV y nueva advocación de la Virgen
| Main Author: | |
|---|---|
| Format: | Print Book |
| Language: | Spanish |
| Subito Delivery Service: | Order now. |
| Check availability: | HBZ Gateway |
| WorldCat: | WorldCat |
| Interlibrary Loan: | Interlibrary Loan for the Fachinformationsdienste (Specialized Information Services in Germany) |
| Published: |
Santiago de Compostela
El Eco Franciscano
1979
|
| In: |
Humanismo, reforma y teología (5)
Year: 1979 |
| Series/Journal: | Humanismo, reforma y teología
5 |
| Further subjects: | B
Mariology
B Marian apparition B Spain |
MARC
| LEADER | 00000cam a22000002c 4500 | ||
|---|---|---|---|
| 001 | 1121012213 | ||
| 003 | DE-627 | ||
| 005 | 20240430222119.0 | ||
| 007 | tu | ||
| 008 | 960320s1979 xx ||||| 00| ||spa c | ||
| 035 | |a (DE-627)1121012213 | ||
| 035 | |a (DE-576)051012219 | ||
| 035 | |a (DE-599)BSZ051012219 | ||
| 035 | |a (OCoLC)312251645 | ||
| 040 | |a DE-627 |b ger |c DE-627 |e rakwb | ||
| 041 | |a spa | ||
| 084 | |a 1 |2 ssgn | ||
| 100 | 1 | |0 (DE-588)1046618970 |0 (DE-627)776733494 |0 (DE-576)164928359 |4 aut |a Calvo Moralejo, Gaspar |d 1930- | |
| 109 | |a Calvo Moralejo, Gaspar 1930- |a Moralejo, Gaspar Calvo 1930- |a Calvo, Gaspar 1930- | ||
| 245 | 1 | 0 | |a "Santa Maria de la Cruz" |b Apariciones marianas en el siglo XV y nueva advocación de la Virgen |c Gaspar Calvo Moralejo |
| 264 | 1 | |a Santiago de Compostela |b El Eco Franciscano |c 1979 | |
| 300 | |a 21 S. | ||
| 336 | |a Text |b txt |2 rdacontent | ||
| 337 | |a ohne Hilfsmittel zu benutzen |b n |2 rdamedia | ||
| 338 | |a Band |b nc |2 rdacarrier | ||
| 490 | 1 | |a Humanismo, reforma y teología |v 5 | |
| 583 | 1 | |a Archivierung prüfen |c 20200919 |f DE-640 |z 1 |2 pdager | |
| 583 | 1 | |a Archivierung/Langzeitarchivierung gewährleistet |f SSG |x XA-DE-BW |2 pdager |5 DE-21 | |
| 650 | 0 | 7 | |0 (DE-588)4074572-7 |0 (DE-627)106089080 |0 (DE-576)209194472 |a Mariologie |2 gnd |
| 650 | 0 | 7 | |0 (DE-588)4114512-4 |0 (DE-627)105821659 |0 (DE-576)20948523X |a Marienerscheinung |2 gnd |
| 651 | 7 | |0 (DE-588)4055964-6 |0 (DE-627)104616806 |0 (DE-576)209116080 |a Spanien |2 gnd | |
| 830 | 0 | |a Humanismo, reforma y teología |v 5 |9 5 |w (DE-627)1121009719 |w (DE-576)051009714 |7 am | |
| 935 | |a mteo | ||
| 951 | |a BO | ||
| ELC | |b 1 | ||
| ITA | |a 1 |t 1 | ||
| LOK | |0 000 xxxxxcx a22 zn 4500 | ||
| LOK | |0 001 2277492248 | ||
| LOK | |0 003 DE-627 | ||
| LOK | |0 004 1121012213 | ||
| LOK | |0 005 20090924132036 | ||
| LOK | |0 008 960320||||||||||||||||ger||||||| | ||
| LOK | |0 040 |a DE-21 |c DE-627 |d DE-21 | ||
| LOK | |0 852 |a DE-21 | ||
| LOK | |0 852 1 |c 3 E 8127 |9 00 | ||
| LOK | |0 935 |a kram |a konv |a theo |a sepp | ||
| LOK | |0 939 |a 20-03-96 |b l01 | ||
| ORI | |a SA-MARC-ixtheoa001.raw | ||
| STA | 0 | 0 | |a Marian apparition,Blessed Virgin,Apparition of the Blessed Virgin,Mariology,Spain |
| STB | 0 | 0 | |a Apparition mariale,Mariophanie,Mariophanie,Mariologie |
| STC | 0 | 0 | |a Aparición de Nuestra Señora,Mariología |
| STD | 0 | 0 | |a Apparizione mariana,Mariologia |
| STE | 0 | 0 | |a 圣母显现,圣母显灵,玛利亚神学,圣母学,圣母论 |
| STF | 0 | 0 | |a 瑪利亞神學,聖母學,聖母論,聖母顯現,聖母顯靈 |
| STG | 0 | 0 | |a Aparição de Nossa Senhora,Mariologia |
| STH | 0 | 0 | |a Мариология,Явления Девы Марии |
| STI | 0 | 0 | |a Εμφάνιση της Παναγίας,Εμφάνιση της Παρθένου Μαρίας,Εμφάνιση της Θεοτόκου,Μαριολογία |
| SYE | 0 | 0 | |a Marienlehre,Marienkunde |
| SYF | 0 | 0 | |a Vicalvarada,Spain , Isbāniyā,Spain,Espagne,Estado Español,España,Espanja,Hispania,Königreich Spanien |